00849 2200217 4500001002100000005001500021035002000036008004100056245002300097100001500120250000600135260003100141300002900172020002100201084001400222520035300236082000800589650001000597990001200607990001200619INLIS00000000000004520240711093552 a0010-0424000021240711 1 ind 1 aBulan /cTere Liye aLiye, Tere a1 aJakarta :bGramedia,c2018 a396 hlm ;c14 cm x 21 cm a978-602-033-2949 a813 TER b aSetelah Serial pertamanya, Bumi, sukses melejit, kini Tere Liye menghadirkan kisah lanjutannya dengan Bulan. Kini anak istimewa itu bernama Seli, masih 15 tahun. Sama halnya seperti remaja yang lain, Seli mendengarkan lagu-lagu yang sedang hits, pergi ke gerai fast food, menonton serial drama dan film. Perbedaannya, Seli bisa mengeluarkan petir.  a813 4aFiksi a0737336 a0754550